Basketball pour experts - Statistiques

Statistiques générales
  • Ce quiz a été pris 120 fois
  • Le résultat moyen est 5 sur 20
Statistiques - réponses
Hint Réponse % Correct
Quel numéro portait Michael Jordan lors de ces olympiades ? 9
66%
Combien de fois Jason Williams a été All Star ? 0
57%
Quel est le vrai nom de Magic Johnson ? Earvin
48%
Quel était le nom d'origine de Kareem Abdul-Jabbar ? Lew Alcindor
48%
Quel était le nom de la technique qui consistait à faire des fautes sur Shaquille O'Neal de manière systématique avant de lui permettre de marquer ? Hack-a-Shaq
42%
Dans quelle université jouait Kevin Durant ? Texas
37%
Qui était numéro 1 de Draft en 1996 ? Allen Iverson
32%
Qui a le record de contres en NBA ? Hakeem Olajuwon
32%
Quel est le nom de l'ancienne salle des Golden State Warriors ? Oracle Arena
30%
Quel surnom était donné à l'équipe de France féminine de basket lors des JO 2012? Les braqueuses
26%
Lors de l'EuroBasket 2005, quel joueur grec inscrit un tir au buzzer pour éliminer l'équipe de France de la compétition ? Dimítris Diamantídis
17%
Quel est le nom de la salle du CSP Limoges ? Beaublanc
16%
Quel joueur légendaire du Real Madrid était surnommé Chacho ? Sergio Rodriguez
16%
Quel est le nom de la salle dans laquelle évoluait le club de Gravelines Dunkerque avant son incendie ? Sportica
12%
Qui a remporté les JO 2004 ? L'Argentine
11%
Quel joueur est surnommé The Serbian Magician ? Miloš Teodosić
10%
Quel joueur brésilien possède le record de points sur un match olympique ? Oscar Schmidt
9%
Qui coachait la Dream Team de 1992 ? Chuck Daly
8%
Contre quelle équipe en finale ? L'Italie
3%
Quel légende de l'Euroleague était surnomé Chapu ? Andrés Nocioni
1%
Aucun quiz correspondant
Distribution des résultats
% des personnes avec chaque résultat
Percentile par nombre de réponses
Votre historique - résultats
Vous n’avez pas pris ce quiz